| 000 | 00423nam a22001697a 4500 | ||
|---|---|---|---|
| 003 | MPLRDC | ||
| 005 | 20220104125143.0 | ||
| 008 | 210129b ||||| |||| 00| 0 eng d | ||
| 082 | _a857.9 DGH-17 v.3 c.3 | ||
| 100 | _a独孤红 | ||
| 245 |
_a豪门游龙. 下 _c |
||
| 260 |
_a _b毅力出版社 _c |
||
| 300 | _b平 | ||
| 490 | _a独孤红小说专辑. 18 | ||
| 650 | _a武侠小说 | ||
| 942 |
_cBK _o857.9 DGH-17 v.3 c.3 |
||
| 999 |
_c25082 _d25072 |
||